Missing Word: Animated Characters A-Z Quiz Stats

 Plays Quiz Updated Nov 25, 2014

Challenge
Share
Tweet
Embed
Score 0/24 Timer 03:00
3 Plays Today
Hint Answer % Correct
____ LightyearBuzz
99%
Tasmanian ____Devil
97.4%
____ of the JungleGeorge
93.5%
Cruella de ____Vil
92.5%
____ E. CoyoteWile
86.5%
____ OylOlive
85.6%
____ RabbitRoger
79.5%
____ SandiegoCarmen
79.1%
Lightning ____McQueen
78%
____ BearYogi
77.7%
Foghorn ____Leghorn
75.5%
____ the ClownKrusty
74.4%
Hint Answer % Correct
____ GriffinStewie
73.2%
____ CartmanEric
73.1%
____ Draw McGrawQuick
73.1%
The ____ GiantIron
64.8%
Samurai ____Jack
57%
____ PicklesTommy
55.2%
____ KetchumAsh
54.4%
Invader ____Zim
42.3%
____ MayonnaisePatti
38.3%
____ ThornberryNigel
35.7%
____ PatakiHelga
30%
Doug ____Funnie
28.5%

Today's Daily Dose

You're not logged in!

Compare scores with friends on all Sporcle quizzes.
OR
Log In

You Might Also Like...

Show Comments

Extras

Top Quizzes Today


Score Distribution

Your Account Isn't Verified!

In order to create a playlist on Sporcle, you need to verify the email address you used during registration. Go to your Sporcle Settings to finish the process.

Report this User

Report this user for behavior that violates our Community Guidelines.

Details: